000 00526nam a2200169Ia 4500
003 IN-BaIIA
008 211028s9999 xx 000 0 eng d
040 _cIIA Library
080 _a535.33
_bKOV
100 _aKovesligethy, Rudolf V.
_91785
245 0 _aGrundzuge einer theoretischen spektralanalyse
_cRudolf V. Kovesligethy
260 _aHalle
_bDruck Und Verlag
_c1890
300 _axi, 327p.
650 _aAstronomical Techniques
_91786
650 _aSpectral Analysis
_91733
942 _cBK
999 _c836
_d836